00743nam a2200229 i 450000100060000000300090000600500170001500700030003200800410003502000190007608000100009510000250010524500600013026000270019030000220021749000340023965000370027383000420031085200220035299900170037495201220039188846ES-MaACL20230906175941.0t|050111s1990 fr ||||1| fre d a2-27101-0800-3 a124.11 aMorin, Edgar.98356410aIntroduction áa la pensée complexe / cEdgar Morin. aParis : bESF, c1990. a158 p. ; c24 cm.1 aCommunication et complexité14aComplejidad (Filosofía)9111790 aCommunication et complexité9231849 aES-MaACLjE-10702 c88846d88846 00104070aATENEOMbATENEOMcDEPO2d2008-01-17eSCl0oE-10702p1092797r2023-02-23 00:00:00w2023-02-23yMONOGRAFIA